00625nam a2200205Ia 450000500170000000800410001702000150005808200130007310000120008624501010009826000440019930000180024365000110026165000110027265000120028365000080029594200060030395200950030999900150040420240807010221.0240331s9999 xx 000 0 und d a0198278535 bGOOa392 aGood, A 4aThe female bridegroom :ba comparative study of life-crisis rituals in South India and Sri Lanka aNew yorkbOxford University pressc1991 axii, 281 p ., aFemale aGender aRituals aSex cL 001040708LaWERCLbWERCLcSSCd2024-03-31l0o 392 GOOp3929r2024-03-31w2024-03-31yL c2984d2984